| 000 | 00366nam a2200157 i 4500 | ||
|---|---|---|---|
| 001 | bg | ||
| 245 | 0 |
_aStochastic structural mechanics. _nCz.31. |
|
| 260 |
_aBerlin : _bSpringer-Verlag, _c1987. |
||
| 020 | _a3540184635 | ||
| 040 | _cBPK | ||
| 041 | _apol | ||
| 080 | _a624 | ||
| 920 | _a3-540-18463-5 | ||
| 942 | _cKS | ||
| 008 | s pl f |000 0 pol | ||
| 999 |
_c28724 _d28724 |
||
| 856 |
_uhttp://koha.tu.koszalin.pl/cgi-bin/koha/opac-detail.pl?biblionumber=28724 _yKatalog online BPK |
||